Представление документа в формате MARC21

Поле Инд. ПП Название Значение
Тип записи a
Библиографический уровень m
001 _ Контрольный номер RU-LAN-BOOK-226976
005 Дата корректировки 20250915104057.8
008 Кодируемые данные 220428s2021 RU y f z 000 1 rus u
020 a ISBN 978-5-261-01574-1
040 c Служба, преобразующая запись Издательство Лань
041 a Код языка текста rus
044 a Код страны публикации RU
080 a Индекс УДК 630*6
084 2 Источник индекса rubbk
a Индекс другой классификации/Индекс ББК 43.4я73
100 1_ a Автор Богданов А. П.
245 a Заглавие Аэрокосмические методы и геоинформационные системы в лесном деле
b Продолж. заглавия учебное пособие
h Физич. носитель Электронный ресурс
c Ответственность Богданов А. П.
260 a Место издания Архангельск
b Издательство САФУ
c Дата издания 2021
d Архангельск
300 a Объем 129 с.
520 a Аннотация Приведены методы дистанционного исследования лесов и других земель на предмет отнесения их к лесопокрытой площади или другим категориям, методы формирования геоинформационных систем с использованием данных дистанционного зондирования земли. Предназначено для студентов высших учебных заведений специальности 35.03.01 «Лесное дело» дневной, очно-заочной и заочной форм обучения.
521 a Примеч. о целев. назн. Книга из коллекции САФУ - Лесное хозяйство и лесоинженерное дело
852 x Примечание, не предназначенное для пользователя e.lan2023
856 4_ u URL https://e.lanbook.com/book/226976
z Примечание для пользователя Участвует в КО
856 41 u URL https://e.lanbook.com/img/cover/book/226976.jpg